Discographie d'Ultra Vomit - Statistiques

Statistiques générales
  • Ce quiz a été pris 47 fois
    39 depuis la dernière actualisation
  • Le résultat moyen est 28 sur 85
Statistiques - réponses
Album Chanson % Correct
Panzer Surprise ! Takoyaki
81%
Panzer Surprise ! Évier metal
77%
Panzer Surprise ! Kammthaar
74%
Panzer Surprise ! La bouillie I
71%
Panzer Surprise ! La bouillie II
71%
Panzer Surprise ! La bouillie III
71%
Panzer Surprise ! La bouillie IV
71%
Le Pouvoir de la Puissance La puissance du pouvoir
71%
Le Pouvoir de la Puissance Doigts de Metal
68%
Panzer Surprise ! Pipi vs. caca
68%
Objectif : Thunes Je collectionne des canards (vivants)
65%
Panzer Surprise ! Un chien géant
65%
Panzer Surprise ! Calojira
61%
Panzer Surprise ! Le train fantôme
61%
Le Pouvoir de la Puissance A.N.U.S.
58%
Panzer Surprise ! Jésus
58%
Panzer Surprise ! Hyper sexe
55%
Le Pouvoir de la Puissance Ricard peinard
55%
Panzer Surprise ! Super sexe
55%
Panzer Surprise ! La ch'nille
52%
Le Pouvoir de la Puissance Tikawahukwa
52%
Le Pouvoir de la Puissance Dead Robot Zombie Cop from Outer Space 2
48%
Panzer Surprise ! E-TRON (digital caca)
48%
Le Pouvoir de la Puissance Mollo sur le caca
48%
Le Pouvoir de la Puissance Patatas bravas
48%
Le Pouvoir de la Puissance Ültrüs Crew
48%
Objectif : Thunes Boulangerie pâtisserie
45%
Panzer Surprise ! Keken
45%
Le Pouvoir de la Puissance Mouss 2 Mass
45%
Panzer Surprise ! Noël
45%
Panzer Surprise ! Entooned
42%
Le Pouvoir de la Puissance GPT (à l'instant)
42%
Le Pouvoir de la Puissance Auto-thunes
39%
Le Pouvoir de la Puissance Kings of Poop
39%
Le Pouvoir de la Puissance Le coq
39%
Panzer Surprise ! Pink Pantera
39%
Panzer Surprise ! Batman vs. Predator
35%
Panzer Surprise ! Anthracte
32%
M. Patate I Like to Vomit
32%
Objectif : Thunes Je ne t'es jamait autans aimer
32%
Objectif : Thunes Maïté Ravendark
32%
Le Pouvoir de la Puissance Mortal Konkass
32%
Le Pouvoir de la Puissance Toxoplasma gondii (Felinus sanctus)
32%
Objectif : Thunes Intro
29%
Le Pouvoir de la Puissance The Gruge
29%
M. Patate Une souris verte
29%
Objectif : Thunes Les bonnes manières
26%
Objectif : Thunes Pauv' connard
26%
Objectif : Thunes Je possède un cousin
23%
Objectif : Thunes Outro
23%
Objectif : Thunes Quand j'étais petit
23%
Objectif : Thunes Jack Chirac
19%
Objectif : Thunes Mechanical Chiwawa
19%
Objectif : Thunes Mountains of Maths
19%
M. Patate Poil pubien
19%
Objectif : Thunes Darry Cowl Chamber
16%
M. Patate Judas Prost
16%
Objectif : Thunes La flemme
16%
M. Patate People = Frite
16%
Objectif : Thunes Poil de cul
16%
M. Patate Arf !
13%
Objectif : Thunes Canidal Corpse
13%
M. Patate Max et compagnie
13%
Objectif : Thunes Welcome to the Jingle
13%
M. Patate Bouba
10%
M. Patate Captain Igloo
10%
Objectif : Thunes Croute de pus
10%
M. Patate One Chiotte
10%
Objectif : Thunes Pour un mosh
10%
M. Patate 6J
6%
M. Patate Abruted
6%
M. Patate Brutally Brutalized
6%
M. Patate Monster Mosh
6%
M. Patate Phoned to Death
6%
M. Patate Reborn from Death
6%
M. Patate Disgorging the Prepuce
3%
M. Patate Ghost Track
3%
M. Patate Musashimaru
3%
Objectif : Thunes W.A. Mozart 25th Symphony Allegro in C minor K.183
3%
Objectif : Thunes Condemned to Headbang
0%
M. Patate Forclosure Beyond Ignifusion
0%
M. Patate From the Dark Depths of Long Eternity in My Old Ages of Emptiness I Shall Reign in Chaos on My Bloody Throne of Relegation of the Weak
0%
Objectif : Thunes Gremlins at the Gates
0%
M. Patate Milhouse by the Cemetery
0%
Objectif : Thunes Morbid Cocker
0%
Aucun quiz correspondant
Distribution des résultats
% des personnes avec chaque résultat
Percentile par nombre de réponses
Votre historique - résultats
Vous n’avez pas pris ce quiz depuis la dernière actualisation